000 00478nam a2200157 i 4500
001 34926
003 ES-MaACL
007 t|
008 030211s1979 sp ||||1| spa d
100 1 _aBoix Reig, Vicente.
_929910
245 1 0 _aManual de Derecho Municipal /
_cVicente Boix Reig.
260 _aAlicante :
_bInstituto de Estudios Alicantinos,
_c[1979]
300 _a173 p. ;
_c22 cm.
710 2 _aInstituto de Estudios Alicantinos.
_94886
852 _aES-MaACL
_jE-646
_bR.99768
999 _c34926
_d34926